Camping Trip Locations - Statistics

General Stats
  • This quiz has been taken 2 times
  • The average score is 4 of 13
Answer Stats
Hint Answer % Correct
Can't Decide On Fundy
100%
Can't Decide On Acadia
50%
Can't Decide On Adirondacks
50%
Can't Decide On Linville
50%
Can't Decide On Tetons
50%
Can't Decide On Triple Crown
50%
Can't Decide On Alaska
0%
Can't Decide On Big Creek
0%
Can't Decide On Dolly
0%
Can't Decide On Elizabeth Oven
0%
Can't Decide On Great Smoky's
0%
Can't Decide On Long Land Lance Lord Light Lisp Lizbeth Run Drive Race Bike
0%
Can't Decide On White Mountain
0%
No matching quizzes found
Score Distribution
Percent of People with Each Score
Percentile by Number Answered
Your Score History
You have not taken this quiz